Identikit? (Registro nro. 12001)
[ vista simple ]
| 000 -Cabecera | |
|---|---|
| Campo de control de longitud fija | 00302ari a2200133 4500 |
| 005 - Fecha y hora de la última transacción | |
| Campo de control | 20241004091149.0 |
| 008 - Elementos de longitud fija--Información general | |
| Campo de control de longitud fija | 150327b xxu||||| |||| 00| 0 spa d |
| 245 ## - Título propiamente dicho | |
| Título | Identikit? |
| 650 ## - Materia general | |
| Temática (materia general) | JUEGOS DE MESA |
| 650 ## - Materia general | |
| Temática (materia general) | IDENTIKIT |
| 650 ## - Materia general | |
| Temática (materia general) | AGILIDAD |
| 650 ## - Materia general | |
| Temática (materia general) | ENTRETENIMIENTO |
| 942 ## - Punto de acceso adicional KOHA | |
| Tipo de ítem KOHA | Juego de Mesa |
| Fuente del sistema de clasificación o colocación | Dewey Decimal Classification |
| Código de barras | Tipo de ítem |
|---|---|
| 9070932370008 | Juego de Mesa |